| 000 | 00706nam a22002177a 4500 | ||
|---|---|---|---|
| 999 |
_c12635 _d12635 |
||
| 003 | AR-CdUCM | ||
| 008 | 190409b ||||| |||| 00| 0 spa d | ||
| 040 |
_aMUNICIPALIDAD PROVINCIAL DEL CUSCO _cBIBLIOTECA MUNICIPAL DEL CUSCO |
||
| 082 |
_a858.41 / _bT23 / 1829 |
||
| 100 |
_aTasso, Corcuato _930570 |
||
| 245 |
_aLa Jerusalen libertada : _bPoema heroico / |
||
| 260 |
_aBarcelona : _bViuda é hijos de Gorchs, _c1829. |
||
| 300 |
_a336 páginas ; _c15 cm. |
||
| 505 | _aContenido : La Jerusalen libertada -- Cantos ... | ||
| 650 |
_aJerusalen _928606 |
||
| 650 |
_aLibertada _930571 |
||
| 650 |
_aCantos _91085 |
||
| 700 |
_aSedeño, Juan _920032 |
||
| 942 |
_2ddc _cLIBROS |
||
| 945 |
_arah _d09/04/2019 |
||